|
|
|
|
| LEADER |
00000cam a22000004a 4500 |
| 001 |
musev2_49033 |
| 003 |
MdBmJHUP |
| 005 |
20230905045109.0 |
| 006 |
m o d |
| 007 |
cr||||||||nn|n |
| 008 |
160912s2016 miu o 00 0 eng d |
| 010 |
|
|
|z 2016024352
|
| 020 |
|
|
|a 9781580441834
|
| 020 |
|
|
|z 9781580441827
|
| 035 |
|
|
|a (OCoLC)964296222
|
| 040 |
|
|
|a MdBmJHUP
|c MdBmJHUP
|
| 245 |
0 |
0 |
|a Books Most Needful to Know :
|b Contexts for the Study of Anglo-Saxon England /
|c edited by Paul Szarmach.
|
| 264 |
|
1 |
|a Kalamazoo :
|b Medieval Institute Publications, Western Michigan University,
|c [2016]
|
| 264 |
|
3 |
|a Baltimore, Md. :
|b Project MUSE,
|c 2016
|
| 264 |
|
4 |
|c ©[2016]
|
| 300 |
|
|
|a 1 online resource.
|
| 336 |
|
|
|a text
|b txt
|2 rdacontent
|
| 337 |
|
|
|a computer
|b c
|2 rdamedia
|
| 338 |
|
|
|a online resource
|b cr
|2 rdacarrier
|
| 490 |
0 |
|
|a Old English newsletter. Subsidia,
|x 0739-8549 ;
|v v. 36
|
| 505 |
0 |
|
|a Anglo-Latin Literature in the Foreground / Rosalind Love -- North Sea Currents: Old English and Old Norse in Comparison and in Contact / Richard Dance.
|
| 588 |
|
|
|a Description based on print version record.
|
| 650 |
|
7 |
|a Literatur
|2 gnd
|
| 650 |
|
7 |
|a Altnordisch
|2 gnd
|
| 650 |
|
7 |
|a Altenglisch
|2 gnd
|
| 650 |
|
7 |
|a Old Norse literature.
|2 fast
|0 (OCoLC)fst01045226
|
| 650 |
|
7 |
|a English philology
|x Old English.
|2 fast
|0 (OCoLC)fst01711047
|
| 650 |
|
7 |
|a English literature
|x Old English.
|2 fast
|0 (OCoLC)fst01710962
|
| 650 |
|
7 |
|a Civilization, Anglo-Saxon.
|2 fast
|0 (OCoLC)fst00862961
|
| 650 |
|
6 |
|a Civilisation anglo-saxonne.
|
| 650 |
|
6 |
|a Litterature vieux norroise
|x Histoire et critique.
|
| 650 |
|
6 |
|a Philologie anglaise
|y ca 450-1100 (Vieil anglais)
|
| 650 |
|
6 |
|a Litterature anglaise
|y ca 450-1100 (Vieil anglais)
|x Histoire et critique.
|
| 650 |
|
0 |
|a Civilization, Anglo-Saxon.
|
| 650 |
|
0 |
|a Old Norse literature
|x History and criticism.
|
| 650 |
|
0 |
|a English philology
|y Old English, ca. 450-1100.
|
| 650 |
|
0 |
|a English literature
|y Old English, ca. 450-1100
|x History and criticism.
|
| 655 |
|
7 |
|a Criticism, interpretation, etc.
|2 fast
|0 (OCoLC)fst01411635
|
| 655 |
|
7 |
|a Electronic books.
|2 local
|
| 700 |
1 |
|
|a Szarmach, Paul E.,
|e editor.
|
| 710 |
2 |
|
|a Project Muse.
|e distributor
|
| 830 |
|
0 |
|a Book collections on Project MUSE.
|
| 856 |
4 |
0 |
|z Texto completo
|u https://projectmuse.uam.elogim.com/book/49033/
|
| 945 |
|
|
|a Project MUSE - Custom Collection
|
| 945 |
|
|
|a Project MUSE - 2016 Complete
|
| 945 |
|
|
|a Project MUSE - 2016 Literature
|